[Event "110th US Open"]
[Site "Indianapolis USA"]
[Date "2009.08.08"]
[Round "8"]
[White "Langer,M USA"]
[Black "Stopa,Ja"]
[Result "0-1"]
[WhiteElo "2263"]
[BlackElo "2471"]

1.e4 e6 2.d4 d5 3.Nd2 Be7 4.c3 c5 5.exd5 Qxd5 6.dxc5 Bxc5 7.Ngf3 Nf6 8.Bc4 Qd8
9.O-O Nc6 10.Qe2 O-O 11.Ne4 Be7 12.Rd1 Qc7 13.Bg5 Nd7 14.Bxe7 Nxe7 15.Bb3 Nb6
16.c4 Bd7 17.Bc2 Rad8 18.b3 Bc8 19.Nfg5 Rxd1+ 20.Rxd1 h6 21.Nf3 Rd8 22.Ne5 Rxd1+
23.Qxd1 Nf5 24.Nf3 Nd7 25.g4 Ne7 26.Qd6 Qxd6 27.Nxd6 b6 28.b4 Nb8 29.Ne5 f6
30.Ng6 Nxg6 31.Nxc8 Ne5 32.Nxa7 Kf7 33.c5 bxc5 34.bxc5 Ke7 35.h3 Nf3+ 36.Kf1 Na6
37.c6 Kd6 38.Bg6 Nd4 39.Be4 Nc5 40.Bg2 Kc7 41.Ke1 Kb8 42.Kd2 e5 43.Kc3 Nce6
44.c7+ Kxc7 45.Kc4 Nf4 46.Bf1 Nf3 47.Kc5 Nd2 48.Bb5 Ne4+ 49.Kc4 Nxf2 50.a4 N4xh3
51.a5 Nxg4 52.Kc5 Ng5 53.Bc4 Ne4+ 54.Kb4 Nd6 55.Be6 Ne3 56.Kc5 Nb7+ 57.Kb5 Nxa5
58.Kxa5 Kd6 59.Bc8 Kc5 60.Ka4 g5 61.Nb5 g4 62.Nc3 f5 63.Kb3 Kd4 64.Ne2+ Kd3
65.Ng3 f4 66.Ba6+ Kd2 67.Ne4+ Ke1 68.Kc3 g3 69.Bb7 g2 70.Nd2 Kf2 71.Ne4+ Ke2
72.Ba6+ Ke1 73.Nd2 Nd5+  0-1

[Event "Open"]
[Site "Ptuj SLO"]
[Date "2009.08.08"]
[Round "8"]
[White "Sorcnik,F"]
[Black "Spelec,D"]
[Result "0-1"]
[WhiteElo "2179"]
[BlackElo "1948"]

1.e4 e6 2.d4 d5 3.Nd2 Nc6 4.Ngf3 Nf6 5.e5 Nd7 6.Be2 f6 7.exf6 Qxf6 8.O-O Bd6
9.c4 Nxd4 10.cxd5 exd5 11.Bd3 Ne6 12.Re1 Nc5 13.Bc2 O-O 14.Nf1 c6 15.Rb1 Nf4
16.Bxf4 Qxf4 17.b4 Ne4 18.Ng3 Nf6 19.Qd3 Bg4 20.Nd4 g6 21.Ne6 Bxe6 22.Rxe6 Rae8
23.Rbe1 Ne4 24.R1xe4 Qxf2+ 25.Kh1 dxe4  0-1

[Event "HZ Open"]
[Site "Vlissingen NED"]
[Date "2009.08.08"]
[Round "9"]
[White "Van der Linde,Ma"]
[Black "Van Haastert,E"]
[Result "0-1"]
[WhiteElo "2171"]
[BlackElo "2411"]

1.e4 e6 2.d4 d5 3.Nd2 Be7 4.Bd3 c5 5.dxc5 Nf6 6.Qe2 O-O 7.Ngf3 a5 8.O-O Na6
9.e5 Nd7 10.c3 Naxc5 11.Bc2 b6 12.Re1 Ba6 13.Qe3 f6 14.b4 fxe5 15.Nxe5 Nxe5
16.Qxe5 axb4 17.Re3 Bf6 18.Qh5 g6 19.Bxg6 hxg6 20.Qxg6+ Bg7  0-1

[Event "XII Bancpost A"]
[Site "Miercurea Ciuc ROM"]
[Date "2009.08.09"]
[Round "1"]
[White "Dicu,R"]
[Black "Darvas,I"]
[Result "1-0"]
[WhiteElo "2126"]
[BlackElo "1824"]

1.e4 e6 2.d4 d5 3.Nd2 Nc6 4.Ngf3 Nge7 5.c3 b6 6.Bd3 Bb7 7.e5 Ng6 8.O-O Be7
9.Re1 Qd7 10.Nf1 f5 11.exf6 Bxf6 12.Qe2 Nf8 13.Ne3 O-O-O 14.Ng4 h5 15.Nge5 Nxe5
16.Nxe5 Qe8 17.a4 Bxe5 18.Qxe5 Qf7 19.Bf4 Rd6 20.Qe3 Rd7 21.a5 Re7 22.axb6 axb6
23.Bg5 Re8 24.Ra7 Nd7 25.f4 Kb8 26.Rea1 c5 27.Bb5 Rc8 28.f5 cxd4 29.cxd4 Rhe8
30.fxe6 Rxe6 31.Qf4+ Qxf4 32.Bxf4+ Rc7 33.Bxc7+ Kxc7 34.Bxd7 Re4 35.Rd1  1-0

[Event "ch-FRA National B"]
[Site "Nimes FRA"]
[Date "2009.08.10"]
[Round "1"]
[White "Abergel,T"]
[Black "Bricard,E"]
[Result "1/2-1/2"]
[WhiteElo "2517"]
[BlackElo "2469"]

1.e4 e6 2.d4 d5 3.Nd2 Be7 4.Bd3 c5 5.dxc5 Nf6 6.Ngf3 dxe4 7.Bxe4 Na6 8.Qe2 Nxc5
9.O-O O-O 10.Rd1 Qc7 11.c3 Nfxe4 12.Nxe4 b6 13.Nxc5 Bxc5 14.Be3 Bd6 15.Qd2 Be5
16.Nxe5 Qxe5 17.Qd6 Qxd6 18.Rxd6 Bb7 19.a4 Rfd8 20.Rxd8+ Rxd8 21.a5 bxa5
22.f3 a6 23.Rxa5 Kf8 24.Ra4 Ke7 25.Rb4 Rd7 26.Rb6 Kd8 27.c4 Kc7 28.c5 e5
29.Kf2 Re7 30.Bd2 Re6 31.Rxe6 fxe6 32.Bc3 e4 33.fxe4 g6 34.Ke3 h5 35.Kf4 Kd7
36.h3 Bc6 37.Be1 Bb7 38.g3 Bc6 39.Bf2 Bb7 40.Bd4 Bc6 41.Be5 Bb7 42.Bd6 Bc6
43.h4 Bb7 44.b4 Bc6 45.e5 Ke8 46.g4 hxg4 47.Kxg4 Kf7 48.Kf4 Ke8 49.Bb8 Kf7
50.Ke3 Ke8  1/2-1/2

[Event "24th ICT Acropolis"]
[Site "Chalkida GRE"]
[Date "2009.08.12"]
[Round "3"]
[White "Rigopoulos Tsigkos,A"]
[Black "Makka,I"]
[Result "1-0"]
[WhiteElo "2017"]
[BlackElo "2212"]

1.e4 e6 2.d4 d5 3.Nd2 Nc6 4.Ngf3 Nf6 5.e5 Nd7 6.Bd3 Nb4 7.Be2 c5 8.c3 Nc6
9.Bd3 Be7 10.O-O O-O 11.Re1 a5 12.Nf1 cxd4 13.cxd4 Nb6 14.Ng3 f5 15.exf6 Bxf6
16.Bb1 g6 17.Bh6 Bg7 18.Bg5 Qc7 19.h4 e5 20.dxe5 Bg4 21.e6 Rae8 22.h5 Ne5
23.e7 Rf7 24.hxg6 hxg6 25.Rxe5 Bxf3 26.Qd3 Qxe5 27.Qxg6 Rexe7 28.Bf5 Be4
29.Bxe4 dxe4 30.Bxe7 Qxb2 31.Rd1 Qxf2+ 32.Kh2 Kh8 33.Rf1 Qxf1 34.Nxf1 Rxf1
35.Qxb6 Kh7 36.Qxb7 Re1 37.Bf6  1-0

[Event "ch-FRA National A"]
[Site "Nimes FRA"]
[Date "2009.08.12"]
[Round "3"]
[White "Maze,S"]
[Black "Cornette,M"]
[Result "1/2-1/2"]
[WhiteElo "2546"]
[BlackElo "2578"]

1.e4 e6 2.d4 d5 3.Nd2 a6 4.Ngf3 Nf6 5.e5 Nfd7 6.c4 dxc4 7.Bxc4 Nb6 8.O-O Nxc4
9.Nxc4 Bd7 10.Bg5 Be7 11.Bxe7 Qxe7 12.Ne3 Bc6 13.d5 Bxd5 14.Nxd5 exd5 15.Qxd5 Nc6
16.Rfe1 O-O 17.h4 Rad8 18.Qb3 Qb4 19.Qc2 Nd4 20.Nxd4  1/2-1/2

[Event "A2Bmedialtd.com Int Gp C"]
[Site "Uxbridge ENG"]
[Date "2009.08.12"]
[Round "1"]
[White "Gormally,D"]
[Black "Ackley,P"]
[Result "1-0"]
[WhiteElo "2490"]
[BlackElo "2084"]

1.e4 e6 2.d4 d5 3.Nd2 Be7 4.Ngf3 Nf6 5.e5 Nfd7 6.Bd3 c5 7.c3 Nc6 8.O-O a5
9.Re1 cxd4 10.cxd4 Qb6 11.Nb1 Nxd4 12.Nxd4 Qxd4 13.Nc3 Bc5 14.Be3 Qh4 15.g3 Qe7
16.Na4 b6 17.Qh5 Ba6 18.Bg5 Qf8 19.Bxa6 Rxa6 20.Nc3 h6 21.Bf4 g6 22.Qe2 Ra7
23.Nb5 Rb7 24.Rac1 Rb8 25.a3 Qg7 26.Nc7+ Kd8 27.Na6 Ra8 28.Qb5 g5 29.Be3 Nxe5
30.Bxc5 bxc5 31.Nxc5 Nf3+ 32.Kf1 Ke7 33.Rxe6+ Kf8 34.Nd7+  1-0

[Event "A2Bmedialtd.com Int Gp C"]
[Site "Uxbridge ENG"]
[Date "2009.08.13"]
[Round "3"]
[White "Bailey,K"]
[Black "Ackley,P"]
[Result "1/2-1/2"]
[WhiteElo "2082"]
[BlackElo "2084"]

1.e4 e6 2.d4 d5 3.Nd2 Be7 4.c3 c5 5.dxc5 Bxc5 6.Bd3 Nf6 7.Qe2 a6 8.Ngf3 dxe4
9.Nxe4 Nxe4 10.Qxe4 Nd7 11.O-O Nf6 12.Qe2 O-O 13.Bg5 Qc7 14.Rad1 b5 15.Rd2  1/2-1/2

[Event "25th Open"]
[Site "Geraadsbergen BEL"]
[Date "2009.08.14"]
[Round "5"]
[White "Larmuseau,Ma"]
[Black "Alienkin,A"]
[Result "0-1"]
[WhiteElo "2169"]
[BlackElo "2402"]

1.e4 e6 2.d4 d5 3.Nd2 a6 4.c3 c5 5.dxc5 Bxc5 6.Bd3 Nc6 7.Ngf3 Nf6 8.Qe2 Qc7
9.O-O Ba7 10.Re1 Ng4 11.Rf1 d4 12.h3 dxc3 13.Nc4 Nd4 14.hxg4 Nxe2+ 15.Bxe2 b5
16.Na3 O-O 17.bxc3 Bb7 18.c4 Bxe4 19.Nd2 Qe5 20.Nxe4 Qxa1 21.cxb5 axb5 22.Nxb5 Qxa2
23.Nec3 Qc2 24.Ba3 Bxf2+ 25.Rxf2 Rxa3 26.Nxa3 Qxc3 27.Nc4 Rc8 28.Nd6 Rd8
29.Ne4 Qe1+  0-1

[Event "ch-FRA National B"]
[Site "Nimes FRA"]
[Date "2009.08.14"]
[Round "5"]
[White "Bedouin,X"]
[Black "Bricard,E"]
[Result "0-1"]
[WhiteElo "2378"]
[BlackElo "2469"]

1.e4 e6 2.d4 d5 3.Nd2 Be7 4.Bd3 c5 5.dxc5 Nf6 6.Qe2 O-O 7.Ngf3 a5 8.O-O Na6
9.e5 Nd7 10.c3 Naxc5 11.Bc2 b6 12.Re1 Ba6 13.Qe3 f6 14.Nb3 fxe5 15.Nxe5 Nxe5
16.Qxe5 Bf6 17.Qh5 g6 18.Qg4 e5 19.Bh6 Rf7 20.Rad1 Bc8 21.Qe2 Bb7 22.Nxc5 bxc5
23.c4 d4 24.Be4 Rb8 25.b3 Qd7 26.Bc1 Kg7 27.Bxb7 Qxb7 28.f3 Qc6 29.Rd3 Re7
30.Bd2 a4 31.Rb1 Reb7 32.h3 Qe6 33.Be1 h5 34.Bg3 h4 35.Be1 Bg5 36.Bd2 Bxd2
37.Qxd2 Qf5 38.Qe2 Kf6 39.Qc2 axb3 40.axb3 Ra7 41.Re1 Rba8 42.Qe2 Ra1 43.Rdd1 R1a3
44.f4 e4 45.b4 Ra2 46.Rd2 Rxd2 47.Qxd2 e3 48.Qb2 Rb8 49.Rxe3 Rxb4 50.Rb3 Rxb3
51.Qxb3 d3 52.Qb6+ Kg7 53.Qd6 Qe4 54.Qc7+ Kh6 55.Qf7 Qd4+ 56.Kh2 Qd8 57.f5 Qd6+  0-1

[Event "Baltic Queen"]
[Site "St Petersburg RUS"]
[Date "2009.08.14"]
[Round "4"]
[White "Paehtz,E"]
[Black "Zhukova,N"]
[Result "1/2-1/2"]
[WhiteElo "2474"]
[BlackElo "2465"]

1.e4 e6 2.d4 d5 3.Nd2 a6 4.Bd3 c5 5.dxc5 Bxc5 6.Ngf3 Nf6 7.O-O Nc6 8.a3 dxe4
9.Nxe4 Nxe4 10.Bxe4 Qxd1 11.Rxd1 a5 12.Bf4 f6 13.Bd6 Bxd6 14.Rxd6 Ke7 15.Rad1 Ra6
16.c4 Rb6 17.R1d2 Rxb2 18.Rxe6+ Kxe6 19.Rxb2 Rd8 20.Bd5+ Kd6 21.h3  1/2-1/2

[Event "Jubilee Open"]
[Site "Zuerich SUI"]
[Date "2009.08.14"]
[Round "8"]
[White "Fedorchuk,S"]
[Black "Carron,J"]
[Result "1-0"]
[WhiteElo "2655"]
[BlackElo "2416"]

1.e4 e6 2.d4 d5 3.Nd2 Be7 4.Ngf3 Nf6 5.e5 Nfd7 6.c3 c5 7.Bd3 Nc6 8.O-O g5
9.dxc5 g4 10.Nd4 Ndxe5 11.Bb5 Bd7 12.N2b3 h5 13.Re1 Nxd4 14.Qxd4 Bxb5 15.Rxe5 Bf6
16.Bg5 Bxg5 17.Rxg5 f6 18.Rg7 Kf8 19.Rxb7 Bc6 20.Rb4 Kf7 21.Qd3 e5 22.Rf1 d4
23.cxd4 Qd5 24.f3 Rag8 25.Nd2 a5 26.Rb6 gxf3 27.Nxf3 e4 28.Ne5+ Ke8 29.Rb8+ Ke7
30.Nxc6+ Qxc6 31.Qb5 Qd5 32.Rb7+ Kd8 33.Qxa5+  1-0

[Event "25th Open"]
[Site "Geraadsbergen BEL"]
[Date "2009.08.15"]
[Round "7"]
[White "Ringoir,T"]
[Black "Alienkin,A"]
[Result "1/2-1/2"]
[WhiteElo "2406"]
[BlackElo "2402"]

1.e4 e6 2.d4 d5 3.Nd2 a6 4.Bd3 c5 5.dxc5 Bxc5 6.Ngf3 Nc6 7.O-O Nf6 8.a3 Ba7
9.Qe2 Qc7 10.b4 e5 11.h3 Nh5 12.exd5 Ng3 13.Qe1 Nxf1 14.Kxf1 Ne7 15.c4 f5
16.c5 Nxd5 17.Bc4 Be6 18.Bb2 O-O-O 19.Bxe5  1/2-1/2

[Event "24th Open"]
[Site "Schwarzach AUT"]
[Date "2009.08.15"]
[Round "1"]
[White "Popa,Cl"]
[Black "Vidalis,E"]
[Result "1-0"]
[WhiteElo "2233"]
[BlackElo "1991"]

1.e4 e6 2.d4 d5 3.Nd2 Be7 4.Ngf3 Nf6 5.Bd3 b6 6.e5 Nfd7 7.c3 c5 8.O-O Ba6
9.Bxa6 Nxa6 10.c4 Nc7 11.cxd5 exd5 12.Re1 Ne6 13.Nf1 O-O 14.Ne3 cxd4 15.Nxd5 Bc5
16.b4 Nb8 17.Qb3 Nc6 18.Bd2 Be7 19.Rac1 Rc8 20.b5 Nc5 21.Qc4 Na5 22.Bxa5 bxa5
23.Nxd4 Bg5 24.Nc6 Rxc6 25.bxc6 Nd3 26.Qxd3 Bxc1 27.Rxc1 Qg5 28.f4 Qg4 29.c7 Kh8
30.Qh3 Qxh3 31.gxh3  1-0

[Event "16th Vienna Open"]
[Site "Vienna AUT"]
[Date "2009.08.17"]
[Round "3"]
[White "Groetz,H"]
[Black "Thompson,I"]
[Result "1-0"]
[WhiteElo "2350"]
[BlackElo "2242"]

1.e4 e6 2.d4 d5 3.Nd2 Be7 4.Bd3 Nf6 5.e5 Nfd7 6.c3 c5 7.Ne2 b6 8.O-O Ba6
9.Bxa6 Nxa6 10.a3 cxd4 11.cxd4 Nc7 12.g3 b5 13.h4 a5 14.Nf3 f6 15.exf6 Bxf6
16.Bf4 O-O 17.Rc1 Rc8 18.Rc6 Nb8 19.Bxc7 Rxc7 20.Rxe6 Be7 21.Nf4 Bd6 22.Nd3 Nc6
23.Re3 a4 24.Nde5 Bxe5 25.Nxe5 Nxe5 26.Rxe5 Re7 27.Rfe1 Rfe8 28.Qh5 Rxe5
29.Rxe5 Rxe5 30.Qxe5 h6 31.Qe6+ Kh8 32.Qc6 Qa5 33.Qxd5 Qe1+ 34.Kg2 Qe2 35.Qc5 Qxb2
36.d5 b4 37.Qxb4 Qxb4 38.axb4 Kg8 39.b5 a3 40.b6 a2 41.b7 a1=Q 42.b8=Q+ Kh7
43.Qf4 Qd1 44.Qe5 Qd3 45.d6 Kg8 46.Qe6+ Kh7 47.d7 h5 48.Kh2 Qf3 49.Qe3 Qd5
50.Qe8 Qf3 51.Qxh5+ Qxh5 52.d8=Q Qe2 53.Qd4 Qf1 54.Qe4+ Kh8 55.Qf4 Kh7 56.g4 Kh8
57.g5 Qe2 58.Qf8+ Kh7 59.Qf5+ Kh8 60.g6 Qe8 61.Qh5+  1-0

[Event "Masters"]
[Site "Brasschaat BEL"]
[Date "2009.08.18"]
[Round "4"]
[White "Dardha,A"]
[Black "Soors,S"]
[Result "0-1"]
[WhiteElo "2291"]
[BlackElo "2222"]

1.e4 e6 2.d4 d5 3.Nd2 Nc6 4.Ngf3 Nf6 5.e5 Nd7 6.c3 f6 7.exf6 Qxf6 8.Nb3 Bd6
9.Be3 O-O 10.Be2 a5 11.Nc1 e5 12.dxe5 Ndxe5 13.Qxd5+ Be6 14.Qe4 Rae8 15.Ng5 Bf5
16.Qd5+ Kh8 17.Ne4 Qg6 18.Ng3 Ng4 19.Bxg4 Bxg4 20.Nce2 a4 21.h3 Bxg3 22.Nxg3 Rxe3+
23.fxe3 Be6 24.Qe4 Qxg3+ 25.Kd1 Bf5 26.Qf3 Bc2+ 27.Kxc2 Rxf3 28.gxf3 Qf2+
29.Kd3 Ne5+ 30.Ke4 Nxf3 31.Rad1 Ng5+ 32.Kd3 Qf5+ 33.Ke2 Qf3+ 34.Kd3 Nxh3
35.Kc4 h6 36.Rhe1 Nf2 37.Rd8+ Kh7 38.e4 Nxe4  0-1

[Event "BDO Premier"]
[Site "Haarlem NED"]
[Date "2009.08.19"]
[Round "5"]
[White "Mas,H"]
[Black "Reinderman,D"]
[Result "0-1"]
[WhiteElo "2391"]
[BlackElo "2565"]

1.d4 e6 2.e4 d5 3.Nd2 a6 4.Ngf3 Nf6 5.Bd3 c5 6.e5 Nfd7 7.c3 Nc6 8.O-O g5
9.dxc5 g4 10.Nd4 Ncxe5 11.Be2 Nxc5 12.Bxg4 Nxg4 13.Qxg4 e5 14.Qg3 f6 15.Re1 Kf7
16.Qf3 exd4 17.Qh5+ Kg8 18.Nb3 Ne6 19.Nxd4 Ng7 20.Qf3 h5 21.Bf4 Bg4 22.Qg3 Qd7
23.h3 Bf5 24.Rad1 h4 25.Qf3 Be4 26.Qe2 Re8 27.Qd2 Nh5 28.Be3 Rh7 29.f3 Bg6
30.Bf2 Bh6 31.Be3 Bxe3+ 32.Rxe3 Rhe7 33.Rxe7 Qxe7 34.Kf2 Qe5 35.Ne2 Kg7 36.a4 Re7
37.Ra1 Qg5 38.Rd1 Be8 39.b3 Bg6 40.a5 Bc2 41.Qxc2 Qe3+ 42.Kf1 Qxe2+  0-1

[Event "9th UIL&UL GM"]
[Site "Dahka BAN"]
[Date "2009.08.21"]
[Round "1"]
[White "Bhuiyan,G"]
[Black "Reefat,S"]
[Result "0-1"]
[WhiteElo "2177"]
[BlackElo "2486"]

1.d4 e6 2.e4 d5 3.Nd2 a6 4.Ngf3 c5 5.c3 Nc6 6.a3 c4 7.b4 cxb3 8.Qxb3 Nf6
9.Bd3 b5 10.O-O Be7 11.a4 b4 12.Bb2 Na5 13.Qd1 Rb8 14.e5 Nd7 15.c4 dxc4 16.Nxc4 Nxc4
17.Bxc4 Nb6 18.Bb3 a5 19.Nd2 Bb7 20.Qg4 O-O 21.f4 Nd5 22.Rf3 Nc3 23.f5 exf5
24.Rxf5 Bd5 25.Bc2 Rb6 26.Rh5 Rg6 27.Bxc3 bxc3 28.Nf3 Bxf3 29.Qxf3 Qxd4+
30.Kh1 Qd2 31.Qe4 Rd8 32.e6 fxe6 33.g3 Qf2 34.Rxh7 Rd4 35.Qb7 Rd8 36.Qe4  0-1

[Event "Masters"]
[Site "Brasschaat BEL"]
[Date "2009.08.22"]
[Round "8"]
[White "Laurent,B"]
[Black "Soors,S"]
[Result "1-0"]
[WhiteElo "2339"]
[BlackElo "2222"]

1.e4 e6 2.d4 d5 3.Nd2 Nc6 4.Ngf3 Nf6 5.e5 Nd7 6.Bd3 f6 7.Ng5 Ndxe5 8.dxe5 fxg5
9.Qh5+ g6 10.Bxg6+ Kd7 11.c4 Nxe5 12.Bc2 Qf6 13.O-O Bd6 14.b4 Ng6 15.Rb1 Nf4
16.Qd1 Qh6 17.g3 Qh3 18.gxf4 Bxf4 19.Nf3 g4 20.Qd4 gxf3 21.Qg7+ Ke8 22.Qxh8+ Kf7
23.Qxh7+  1-0

[Event "9th UIL&UL GM"]
[Site "Dahka BAN"]
[Date "2009.08.22"]
[Round "2"]
[White "Rausis,I"]
[Black "Praveen Kumar,C1"]
[Result "1-0"]
[WhiteElo "2512"]
[BlackElo "2363"]

1.e4 e6 2.d4 d5 3.Nd2 Be7 4.e5 Nh6 5.c3 c5 6.Ndf3 Nc6 7.Bd3 Qb6 8.Ne2 cxd4
9.cxd4 Nf5 10.O-O Bd7 11.Bxf5 exf5 12.Bg5 O-O 13.Bxe7 Nxe7 14.Qd2 h6 15.h4 Rac8
16.Rfc1 Rxc1+ 17.Rxc1 Rc8 18.Nf4 Qb5 19.Rxc8+ Bxc8 20.Qc3 Qd7 21.Qc5 b6 22.Qd6 Kf8
23.h5 Ke8 24.Qxd7+ Kxd7 25.Kf1 a5 26.Ke2 Ba6+ 27.Kd2 Kc6 28.Nh4 Bc8 29.Kc3 Bd7
30.g3 Bc8 31.Nhg2 Bd7 32.Nd3 g5 33.hxg6 fxg6 34.Ngf4 g5 35.Nh5 Ng6 36.b4 a4
37.Nf6 Be6 38.a3 f4 39.gxf4 Nxf4 40.Nxf4 gxf4 41.Nh5 f3 42.Nf4 Bg8 43.Kd3 Kb5
44.e6 Kc6 45.Ke3 Kd6 46.Kxf3 Bxe6 47.Ne2 Bd7 48.Kf4 Ke6 49.Nc3 b5 50.Kg4 Be8
51.Kf4 Bc6 52.Ne2 Be8 53.Ng3 Bg6 54.Ne2 Be8 55.Nc3 Bc6 56.Nd1 Be8 57.Ne3 Bh5
58.Nf5  1-0

[Event "57th ch-HUN w"]
[Site "Eger HUN"]
[Date "2009.08.22"]
[Round "2"]
[White "Medvegy,N"]
[Black "Rudolf,An"]
[Result "1-0"]
[WhiteElo "2344"]
[BlackElo "2313"]

1.e4 e6 2.d4 d5 3.Nd2 Nc6 4.Ngf3 Nf6 5.e5 Nd7 6.c3 f6 7.Bb5 fxe5 8.dxe5 a6
9.Bxc6 bxc6 10.O-O Be7 11.Nb3 c5 12.Na5 Nb8 13.Qa4+ c6 14.b4 O-O 15.Be3 cxb4
16.cxb4 Bd7 17.Qa3 Rf5 18.Rfe1 Qf8 19.Rab1 Be8 20.Qc3 Bh5 21.Nd2 Bg6 22.a3 Nd7
23.Nxc6 Bg5 24.Bxg5 Rxg5 25.Rbc1 Qf7 26.Nf3 Rh5 27.Ncd4 Rf8 28.Qe3 h6 29.Rc7 Be4
30.h3 Qe8 31.Qc3 Bxf3 32.Nxf3 Rhf5 33.Qc6 Rxf3 34.Qxd7 Qxd7 35.Rxd7 Rxf2
36.Rd6 Ra2 37.Re3 Rff2 38.Rg3 Rfe2 39.Rxe6 d4 40.Reg6 Re1+ 41.Kh2 Rxe5 42.Rxg7+ Kf8
43.R7g6 h5 44.Rd3 a5 45.Rxd4 Rxa3 46.bxa5 Raxa5 47.Rd7 Re7 48.Rxe7 Kxe7 49.Kg3 Kf7
50.Rh6 Kg7 51.Re6 Rg5+ 52.Kf3 Rf5+ 53.Ke2 Rg5 54.Kf2 Rf5+ 55.Kg1 Kf7 56.Re3 Kg6
57.Rg3+ Kh6 58.Rf3 Ra5 59.Kf2 Kg6 60.Re3 Kf5 61.Kg3 Kg5 62.Rd3 Rb5 63.Re3 Ra5
64.Re4 Ra3+ 65.Kh2 Kf5 66.Re8 Kf4 67.Rg8 Ra5 68.h4 Ra6 69.Kh3 Ra1 70.Kh2 Ra7
71.Rg5 Rh7 72.Kh3 Rh8 73.g3+ Kf3 74.Rf5+ Ke4 75.Ra5 Rh7 76.g4 Rb7 77.gxh5 Kf4
78.h6 Rb3+ 79.Kg2 Rb2+ 80.Kf1 Kg4 81.h7 Rb8 82.Rg5+ Kf3 83.Ke1 Rh8 84.Rh5 Ke3
85.Rh6 Kf3 86.Kd2 Kf4 87.Kd3 Ke5 88.Kc4 Rc8+ 89.Kb5 Rh8 90.Kc6  1-0

[Event "ch-SCCF State"]
[Site "Los Angeles USA"]
[Date "2009.08.23"]
[Round "7"]
[White "Peters,Ja"]
[Black "Abrahamyan,T"]
[Result "1-0"]
[WhiteElo "2385"]
[BlackElo "2273"]

1.e4 e6 2.d4 d5 3.Nd2 Be7 4.Bd3 c5 5.dxc5 Nf6 6.Qe2 a5 7.Ngf3 O-O 8.O-O Na6
9.e5 Nd7 10.c3 Naxc5 11.Bc2 b6 12.Re1 Ba6 13.Qe3 f6 14.exf6 Bxf6 15.Nb3 e5
16.Nxc5 bxc5 17.Ng5 Bxg5 18.Qxg5 Qf6 19.Qxf6 gxf6 20.Bh6 Rf7 21.Bf5 Re7 22.Rad1 Bb7
23.f4 e4 24.Bxd7 Rxd7 25.Rxe4 d4 26.Re3 Rad8 27.cxd4 cxd4 28.Ra3 Re8 29.Rg3+ Kh8
30.Rxd4 Rc7 31.Bg7+ Rxg7 32.Rxg7 Kxg7 33.Rd7+ Kg6 34.Rxb7 Re2 35.Rb5 h5 36.a4 h4
37.b3 Rb2 38.Kf1 Kg7 39.Rxa5 Rxb3 40.Rh5 Rb4 41.Rxh4 Rxa4 42.Kf2 Ra2+ 43.Kg3 Kg6
44.Kh3 Ra8 45.Rg4+  1-0

[Event "XXI Festival Open A"]
[Site "Porto San Giorgio ITA"]
[Date "2009.08.23"]
[Round "3"]
[White "Trent,L"]
[Black "Naumkin,I"]
[Result "0-1"]
[WhiteElo "2471"]
[BlackElo "2481"]

1.e4 e6 2.d4 d5 3.Nd2 Nc6 4.Ngf3 Nf6 5.e5 Nd7 6.Bd3 f6 7.O-O fxe5 8.Nxe5 Ndxe5
9.dxe5 Nxe5 10.Qh5+ Nf7 11.Bxh7 g6 12.Bxg6 Rxh5 13.Bxh5 Qh4 14.g4 Bd6 15.f4 Ke7
16.Nf3 Qh3 17.Be3 Bd7 18.Bf2 Bxf4 19.Bh4+ Kd6 20.Bxf7 Qxg4+ 21.Kh1 Rf8  0-1

[Event "9th UIL&UL GM"]
[Site "Dahka BAN"]
[Date "2009.08.24"]
[Round "5"]
[White "Barua,D"]
[Black "Reefat,S"]
[Result "1-0"]
[WhiteElo "2473"]
[BlackElo "2486"]

1.e4 e6 2.d4 d5 3.Nd2 a6 4.Ngf3 c5 5.dxc5 Bxc5 6.Bd3 Nc6 7.O-O Nge7 8.c3 O-O
9.h3 Ng6 10.exd5 exd5 11.Nb3 Bb6 12.Nbd4 h6 13.Re1 Bc7 14.Bf1 Qd6 15.g3 Bd7
16.Bg2 Rad8 17.Be3 f5 18.Nb3 b6 19.Nh4 Nxh4 20.Bf4 Qg6 21.Qxd5+ Rf7 22.Bxc7 Rc8
23.Bf4 Nxg2 24.Qxg2 a5 25.Rad1 a4 26.Rd6 Qh5 27.Qd5 Nb8 28.Nd4 g5 29.Re7 Rc5
30.Qxf7+ Qxf7 31.Rxf7 Kxf7 32.Bd2 b5 33.Rxh6  1-0

[Event "9th UIL&UL GM"]
[Site "Dahka BAN"]
[Date "2009.08.24"]
[Round "5"]
[White "Minhazuddin,A"]
[Black "Grover,S"]
[Result "1/2-1/2"]
[WhiteElo "2391"]
[BlackElo "2310"]

1.e4 e6 2.d4 d5 3.Nd2 Nc6 4.c3 e5 5.Bb5 exd4 6.cxd4 dxe4 7.Nxe4 Bb4+ 8.Nc3 Qd5
9.Qe2+ Ne7 10.Bxc6+ Qxc6 11.Qf3 Be6 12.Qxc6+ Nxc6 13.Ne2 O-O-O 14.Be3 Bc4
15.O-O-O Ne7 16.a3 Ba5 17.Kc2 Rhe8 18.b3 Be6 19.Rd2 f6 20.Re1 Bf7 21.b4 Bb6
22.Ng3 Nd5 23.Nxd5 Bxd5 24.f3 Bf7 25.Kc3 a5 26.Bf2 Rxe1 27.Bxe1 axb4+ 28.axb4 Rd6
29.Ne4 Rc6+ 30.Nc5 Bxc5 31.dxc5 Ra6 32.Bg3 Ra3+ 33.Kc2 Bc4 34.Rd4 Bf7 35.Kb2 Ra2+
36.Kc3 c6 37.Bd6 Bd5 38.Rd2 Ra3+ 39.Kd4 Kd7 40.b5 Ra4+ 41.Ke3 Ra2  1/2-1/2

[Event "57th ch-HUN w"]
[Site "Eger HUN"]
[Date "2009.08.26"]
[Round "6"]
[White "Gara,T"]
[Black "Rudolf,An"]
[Result "1-0"]
[WhiteElo "2354"]
[BlackElo "2313"]

1.e4 e6 2.d4 d5 3.Nd2 Be7 4.Ngf3 Nf6 5.Bd3 c5 6.exd5 Qxd5 7.dxc5 Qxc5 8.O-O O-O
9.Qe2 Nbd7 10.Ne4 Nxe4 11.Qxe4 Nf6 12.Qh4 h6 13.Be3 Qc7 14.Bxh6 gxh6 15.Qxh6 Bd7
16.Rae1 Ne4 17.Rxe4 f5 18.Rg4+  1-0

[Event "XI Sants Open"]
[Site "Barcelona ESP"]
[Date "2009.08.27"]
[Round "7"]
[White "Caspi,I"]
[Black "Karlsson,L"]
[Result "0-1"]
[WhiteElo "2417"]
[BlackElo "2468"]

1.e4 e6 2.d4 d5 3.Nd2 a6 4.Ngf3 c5 5.exd5 exd5 6.Be2 Nf6 7.O-O Be7 8.dxc5 Bxc5
9.Nb3 Bb6 10.Bg5 O-O 11.c3 Re8 12.Qd3 Nc6 13.Rad1 Qd6 14.Bh4 Ne4 15.Rfe1 Qg6
16.Qxd5 Be6 17.Qd3 Bf5 18.Qc4 Rac8 19.Qa4 Bh3 20.Bf1 Bg4 21.Rd3 Bxf3 22.Rxf3 Qg4
23.Bg3 Nxf2 24.Rxe8+ Rxe8 25.Qxg4 Nxg4+ 26.Kh1 Ne3 27.Nc1 Ne5 28.Bxe5 Rxe5
29.Be2 Nd1 30.g3 Nxb2 31.c4 Be3 32.Nd3 Nxd3 33.Bxd3 g6 34.Rf1 Bc5 35.Kg2 b6
36.Rf3 Kg7 37.Kf1 f5 38.Be2 Be3 39.c5 Bxc5 40.Bxa6 Re4 41.Bb5 Kf6 42.Rd3 h5
43.Rf3 h4 44.Kg2 Kg5 45.Kh3 hxg3 46.hxg3 Re1 47.Rb3 Rc1 48.Rb2 Rc3 49.Rd2 Kf6
50.a4 g5 51.Kg2 g4 52.Bd7 Ke5 53.Re2+ Be3 54.Rb2 Kf6 55.Ra2 Bd4 56.a5 bxa5
57.Rxa5 Be5 58.Ra6+ Kg5 59.Ra5 Rxg3+ 60.Kf2 Rd3 61.Bc8 g3+ 62.Ke2 g2 63.Rxe5 g1=Q
64.Rxf5+ Kg6 65.Kxd3 Qd1+ 66.Ke4 Qc2+ 67.Kd4 Qxc8 68.Rd5 Kf6 69.Rd6+ Ke7
70.Rd5 Qc2 71.Rc5 Qd2+ 72.Kc4 Kd6 73.Rb5 Qc2+ 74.Kb4 Kc6 75.Ka3 Qc1+ 76.Rb2 Kc5
77.Kb3 Qc4+ 78.Ka3 Qc3+ 79.Ka2 Kc4 80.Kb1 Qd3+ 81.Ka2 Qd1 82.Rb1 Qa4+ 83.Kb2 Qb3+
84.Kc1 Qc3+ 85.Kd1 Qf3+ 86.Kc2 Qf2+ 87.Kd1 Kc3  0-1

[Event "XXVI Open A"]
[Site "Collado Villalba ESP"]
[Date "2009.08.27"]
[Round "7"]
[White "Pastor Alonso de Prado,E"]
[Black "Gordillo,M"]
[Result "1-0"]
[WhiteElo "2174"]
[BlackElo "1988"]

1.e4 e6 2.d4 d5 3.Nd2 Be7 4.Ngf3 Nf6 5.Bd3 c5 6.dxc5 dxe4 7.Nxe4 Nxe4 8.Bxe4 Qxd1+
9.Kxd1 Bxc5 10.Ke2 f6 11.Be3 Na6 12.Nd4 Ke7 13.Rhd1 g6 14.a3 f5 15.Bf3 e5
16.Bg5+ Ke8 17.Bf6 Bxd4 18.Bxh8 Bxb2 19.Rab1 Bd4 20.Bxb7 Rb8 21.Bc6+ Kf7
22.Bd5+ Ke7 23.f4 Bb6 24.fxe5 Bb7 25.Bf6+ Ke8 26.e6 Bxd5 27.Rxd5 Rc8 28.c4 Nc7
29.Rd7 Nxe6 30.Re7+ Kf8 31.Rxe6 Kf7 32.Rexb6 axb6 33.Rxb6 Rxc4 34.Kf3 g5
35.Bb2 Rf4+ 36.Ke3 h5 37.Rb4 Rf1 38.h4 Rg1 39.Kf2 Rd1 40.Rb7+ Kg8 41.hxg5 h4
42.g6 Rd2+ 43.Ke3 Rxg2 44.Rb8+  1-0

[Event "9th UIL&UL GM"]
[Site "Dahka BAN"]
[Date "2009.08.27"]
[Round "8"]
[White "Rausis,I"]
[Black "Reefat,S"]
[Result "1-0"]
[WhiteElo "2512"]
[BlackElo "2486"]

1.e4 e6 2.d4 d5 3.Nd2 a6 4.Ngf3 c5 5.exd5 exd5 6.c4 Nf6 7.cxd5 cxd4 8.Bc4 b5
9.Bb3 Qe7+ 10.Kf1 Qc5 11.Qe2+ Be7 12.Ne4 Nxe4 13.Qxe4 O-O 14.Bg5 Bxg5 15.Nxg5 g6
16.Qh4 h5 17.Ne4 Qb6 18.g4 Bxg4 19.Nf6+ Kg7 20.Nxg4 hxg4 21.Qxg4 Rd8 22.Rc1 a5
23.a3 a4 24.Ba2 b4 25.Kg2 b3 26.Bb1 Ra5 27.Be4 f5 28.Qg5 fxe4 29.Qe7+ Kh6
30.Rc7 Rd7 31.Qh4+ Kg7 32.Rc8 Raxd5 33.Qh8+ Kf7 34.Qf8+  1-0

[Event "XXI Festival Open A"]
[Site "Porto San Giorgio ITA"]
[Date "2009.08.27"]
[Round "7"]
[White "Martorelli,A"]
[Black "Boscolo,M"]
[Result "1/2-1/2"]
[WhiteElo "2225"]
[BlackElo "2136"]

1.e4 e6 2.d4 d5 3.Nd2 Be7 4.Ngf3 dxe4 5.Nxe4 Nf6 6.Bd3 Nbd7 7.O-O Nxe4 8.Bxe4 Nf6
9.Bd3 O-O 10.b3 b6 11.Bb2 Bb7 12.c4 Be4 13.Be2 c5 14.Nd2 Bb7 15.Bd3 cxd4
16.Qe2 Qd6 17.Rfe1 Rad8 18.Nf3 Qc6 19.Qf1 Bb4 20.Nxd4 Qc5 21.Red1 Qh5 22.Be2 Qe5
23.Rab1 Qa5 24.a3 Be7 25.Nb5 Be4 26.Rbc1 Qa6 27.Nc3 Ba8 28.c5 Rxd1 29.Qxd1 Qc8
30.cxb6 axb6 31.Nb5 Qd8 32.Qxd8 Rxd8 33.Bd4 Nd5 34.Bf3 h6 35.Kf1 Bf8 36.a4 Kh7
37.Be4+ Kg8 38.Bf3 Kh7 39.Bxd5 Bxd5 40.Bxb6 Ra8 41.Rc3 Bb4 42.Rd3 Ra6 43.Rd4 Rxb6
44.Rxb4 Rb8 45.f3 e5 46.Ke2 f5 47.Kd2 g5 48.Kc3 Rc8+ 49.Kb2 g4 50.fxg4 f4
51.Nd6 Rg8 52.Ne4 Bxe4 53.Rxe4 Rxg4 54.Rxe5 Rxg2+ 55.Kc3 Kg6 56.Re8 Rxh2
57.Rf8 Kg5 58.a5 Kg4 59.a6 Rh1 60.Kb4 Ra1 61.Kb5 h5 62.b4 h4 63.Kb6 h3 64.a7 h2
65.Rh8 Kg3 66.Kb7 f3 67.Rg8+ Kf2 68.Rh8 Kg2 69.Rg8+  1/2-1/2